Diálogos

Guardat en:
Dades bibliogràfiques
Autor principal: Platón (Autor)
Format: Llibre
Idioma:espanyol
Publicat: Barcelona Iberia 1947
Col·lecció:Obras Maestras
Matèries:
Etiquetes: Afegir etiqueta
Sense etiquetes, Sigues el primer a etiquetar aquest registre!

MARC

LEADER 00000nam a2200000 a 4500
001 UCP4036
003 CL-VaPUC
008 990709e19470000SP |||||||||||||||||spa|d
082 0 4 |a 184  |b PLA  |2 21 
100 0 |a Platón  |e author  |9 222 
245 1 0 |a Diálogos 
246 1 0 |a Defensa de Sócrates 
246 1 0 |a Critón o el deber 
246 1 0 |a Fedón o del alma 
246 1 3 |a El Banquete o del amor 
246 1 0 |a Fedro o de la belleza 
300 |a 194 
942 |c BK 
945 |d 19990709 00:00:00  |a lriquelm 
260 |a Barcelona  |b Iberia  |c 1947 
600 0 7 |a PLATON  |2 CL-VaPUC  |9 222 
650 0 |a Filosofía antigua   |9 255705 
650 0 |a Alma   |9 259008 
650 0 |a Amor  |9 257817 
650 0 |a Belleza   |9 265712 
583 |a last modification  |c 20150625 11:05:05  |k Rodrigo Vera 
490 0 |a Obras Maestras 
999 |c 282116  |d 282114 
952 |0 0  |1 0  |4 0  |6 184_000000000000000_PLA_1947  |7 0  |8 A  |9 323554  |a BIBHIS  |b BIBHIS  |d 2019-11-20  |i 1364812  |o 184 PLA 1947  |p 1364812  |r 2025-01-20  |w 2019-11-20  |y BK  |k HIS 
952 |0 0  |1 0  |4 0  |6 184_000000000000000_PLA_1947  |7 0  |8 A  |9 323555  |a BIBART  |b BIBART  |d 2019-11-20  |i 1205137  |o 184 PLA 1947  |p 1205137  |r 2025-03-13  |w 2019-11-20  |y BK  |k ART